LDR 01075naa#a2200181#i#450# 001 RU\\bibl\126815 005 20260701193407.3 011 ## _a1815-588X 100 ## _a20260630b2026####ek#y0rusy0150####ca 102 ## _aRU 200 1# _aПрименение специального устройства для транспортировки звеньев при восстановлении железнодорожного пути _eЖурнальная статья 210 1# _aСанкт-Петербург _cФГБОУ ВО "Петербургский государственный университет путей сообщения Императора Александра I" _d2026 215 ## _a8 с. 608 ## _aЖурнальная статья _2local 675 ## _aЖелезные дороги в целом. Железнодорожные линии. Железнодорожное строительство. 625.1 _z 700 #1 _aМирошник _gАлександр Анатольевич 700 #1 _aДаниленко _gАндрей Иванович 856 4# _aatjournal.ru _u